000 01635cam a22004094a 4500
999 _c10445
_d10445
001 56880464
003 OCoLC
005 20241126110732.0
008 041008s2005 waub j b 000 0beng
010 _a2004023811
020 _a1576583139
_q(pbk.)
020 _a9781576583135
_q(pbk.)
020 _a1415656908
020 _a9781415656907
035 _a(OCoLC)56880464
040 _aDLC
_beng
_cDLC
_dBAKER
_dC#P
_dBTCTA
_dIG#
_dOCLCQ
_dBDX
_dFHP
_dOCLCO
_dOCLCA
_dOCLCF
_dOCLCO
_dOCLCQ
_dFVY
_dOCLCA
_dOCLCQ
_dOCLCO
_dQQ3
_dJDP
_dOCLCO
_dOCL
_dOCLCA
_dOCLCQ
_dOCLCO
042 _apcc
_alcac
043 _aat-----
_apobp---
082 _a266.0092
_bBEN
092 _aBIO YOUNG
100 1 _aBenge, Janet,
_d1958-
_917368
245 1 0 _aFlorence Young :
_bmission accomplished /
_cJanet & Geoff Benge
260 _aSeattle, WA :
_bYWAM Pub.,
_c[2005]
300 _a185 pages :
_bmap ;
_c21 cm
490 1 _aChristian heroes, then & now
504 _aIncludes bibliographical references (page 185)
520 _aA biography of the New Zealander missionary Florence Young that focuses on her work in Solomon Islands and China during the Boxer Rebellion
521 0 _a6.4
600 1 0 _aYoung, Florence S. H.,
_d1856-1940
_vJuvenile literature
_918167
610 2 0 _aSouth Sea Evangelical Mission
_vBiography
_vJuvenile literature
_918168
650 0 _aMissionaries
_zAustralia
_vBiography
_vJuvenile literature
_918169
650 0 _aMissionaries
_zSolomon Islands
_vBiography
_vJuvenile literature
_918170
655 0 _aBiography
_95066
700 1 _aBenge, Geoff,
_d1954-
_917373
830 0 _aChristian heroes, then & now
_917374
942 _2ddc
_cBK
_01